000 00285nam a2200133Ia 4500
100 _aMcdonald timothy
942 _cBK
654 _anovell
245 _aIllustrated novell netware
260 _bBPB Publication
_aNew Delhi
_c1989
300 _a237
546 _aENGLISH
999 _c25559
_d25559